[Event "Jakarta Interzonal (Women)"]
[Site "Jakarta"]
[Date "1993.??.??"]
[Round "?"]
[White "Matveeva, Svetlana"]
[Black "Csoke, Adrienn"]
[Result "1-0"]
[WhiteElo "2395"]
[BlackElo "2235"]

1.d4 d5 2.c4 dxc4 3.e4 c5 4.d5 e6 5.Nc3 exd5 6.exd5 Nf6 7.Bxc4 a6 8.a4 Bd6
9.Nge2 Qc7 10.Bg5 Nbd7 11.Qd2 h6 12.Qe3+ Kf8 13.Bf4 Ne5 14.Bxe5 Bxe5 15.f4 Bd6
16.O-O Bg4 17.Ng3 Re8 18.Qd2 h5 19.h3 h4 20.Nge2 Bf5 21.Rf3 Rh6 22.Rc1 Qe7
23.Bd3 g6 24.Rcf1 Rh8 25.b3 Qd7 26.Nc1 Rh5 27.Be2 Be4 28.Re3 Rf5 29.Nxe4 Nxe4
30.Qb2 Kg8 31.Bg4 Ng3 32.Bxf5 Nxf5 33.Rxe8+ Qxe8 34.Qe2 Qb8 35.Qg4 Qd8 36.Re1 Qf6
37.Ne2 Ne3 38.Qf3 Nf5 39.Qe4 Qb2 40.Qd3 Kg7 41.Qc3+ Qxc3 42.Nxc3 Bxf4 43.Ne4 b6
44.a5 bxa5 45.Ra1 Ng3 46.Nxg3 hxg3 47.Rxa5 Kf6 48.Rxa6+ Ke5 49.Kf1 g5 50.Ke2 f5
51.d6  1-0

[Event "Katowice op"]
[Site "Katowice"]
[Date "1993.??.??"]
[Round "3"]
[White "Zowada, Kazimierz"]
[Black "Galliamova, Alisa"]
[Result "0-1"]
[WhiteElo "2210"]
[BlackElo "2445"]

1.d4 d5 2.c4 dxc4 3.e4 e5 4.d5 Nf6 5.Nc3 c6 6.Bg5 Bb4 7.Bxf6 Qxf6 8.Bxc4 Qg6
9.Qf3 O-O 10.Ne2 Bg4 11.Qe3 Bxe2 12.Kxe2 Bxc3 13.bxc3 Nd7 14.dxc6 bxc6 15.g3 Nb6
16.Bb3 Rab8 17.f3 a5 18.Rab1 a4 19.Bc2 Nc4 20.Qc5 Rxb1 21.Rxb1 Qh6 22.Qxc4 Qxh2+
23.Kd1 Qg1+ 24.Kd2 Rd8+ 25.Qd3 Rxd3+ 26.Kxd3 Qa7 27.Bxa4 h5 28.Bxc6 Qa6+
29.Bb5 Qxa2 30.Rf1 Qg2 31.Ke3 Qxg3 32.Rd1 h4 33.Bf1 g5 34.Ke2 h3 35.Bxh3 Qxh3
36.Rf1 f6  0-1

[Event "Katowice op"]
[Site "Katowice"]
[Date "1993.??.??"]
[Round "4"]
[White "Voloshin, Leonid"]
[Black "Pyda, Zbigniew"]
[Result "1-0"]
[WhiteElo "2420"]
[BlackElo "2290"]

1.d4 d5 2.c4 dxc4 3.e4 e5 4.Nf3 Bb4+ 5.Bd2 Bxd2+ 6.Qxd2 exd4 7.Qxd4 Nf6 8.Qxd8+ Kxd8
9.Nc3 Be6 10.Ng5 Nc6 11.Nxe6+ fxe6 12.Bxc4 Ke7 13.O-O-O Rhd8 14.f3 Rd4 15.Bb5 Rxd1+
16.Rxd1 Nb8 17.e5 Nfd7 18.f4 a6 19.Bd3 h6 20.Be4 Nc5 21.Bf3 a5 22.h4 Nba6
23.h5 Nb4 24.g3 Rf8 25.Be2 c6 26.Rd6 Rd8 27.Rxd8 Kxd8 28.Kd2 Nd5 29.Bf3 Nxc3
30.Kxc3 Kd7 31.Kd4 Na6 32.Be4 b6 33.f5 exf5 34.Bxf5+ Ke7 35.Be4 Kd7 36.Bf5+ Ke7
37.Be4 Kd7 38.Bd3 Nc7 39.Ke4 Nd5 40.Bc4 Ne7 41.Bf7 Kc7 42.Be6 Kb7 43.Bg4 Kc7
44.Bh3 c5 45.a4 Kc6 46.Bf1 Kd7 47.Be2 Kc6 48.Bb5+ Kc7 49.g4 Kd8 50.e6 Kc7
51.Ke5 c4 52.Be8 Kd8 53.Bd7 Kc7 54.Bb5 Nc8 55.e7 Nxe7 56.Ke6 c3 57.bxc3 Nc8
58.Bd3 Nd6 59.Ke7 b5 60.axb5 a4 61.b6+ Kc6 62.b7 Nxb7 63.Kf8 a3 64.Bc4 Kc5
65.Bb3 Nd6 66.Kxg7 Ne4 67.Kxh6 Nxc3 68.g5 Kb4 69.Be6 Kc5 70.g6 Nd5 71.Bxd5 Kxd5
72.g7 a2 73.g8=Q+  1-0

[Event "Kecskemet2"]
[Site "Kecskemet"]
[Date "1993.??.??"]
[Round "8"]
[White "Shvidler, Eliahu"]
[Black "Gyimesi, Zoltan"]
[Result "1/2-1/2"]
[WhiteElo "2415"]
[BlackElo "2390"]

1.d4 d5 2.c4 dxc4 3.e4 c5 4.d5 e6 5.Nc3 exd5 6.Nxd5 Ne7 7.Bxc4 Nxd5 8.Bxd5 Be7
9.Nf3 O-O 10.O-O Na6 11.Qe2 Nc7 12.Bc4 Be6 13.Be3 Qc8 14.Rfd1 Rd8 15.Ng5 Bxc4
16.Qxc4 Bxg5 17.Bxg5 Rxd1+ 18.Rxd1 Ne6 19.Be3 Qc7 20.g3 b6 21.Rd5 Qc6 22.Qd3 Re8
23.b3 Nf8 24.f3 Qf6 25.Qe2 h6 26.Kg2 Qc6 27.Qd3 Ng6 28.Rd8 Rxd8 29.Qxd8+ Kh7
30.Qd3 Ne5 31.Qc3 f6 32.Bf4 Qd6 33.Qc2 Kg8 34.Qe2 Qd3 35.Qxd3 Nxd3 36.Bd2 Ne5
37.f4 Nc6 38.Kf3 Kf7 39.Bc3 Ke6 40.g4 b5 41.Ke3 a6 42.h4 g5 43.f5+ Ke7 44.hxg5 hxg5
45.Kd3 Ne5+ 46.Bxe5 fxe5  1/2-1/2

[Event "Kurgan"]
[Site "Kurgan"]
[Date "1993.??.??"]
[Round "?"]
[White "Pospelov, Evgeny"]
[Black "Rublevsky, Sergei"]
[Result "1/2-1/2"]
[WhiteElo "2395"]
[BlackElo "2525"]

1.d4 d5 2.c4 dxc4 3.e4 e5 4.Nf3 exd4 5.Bxc4 Bb4+ 6.Bd2 Bxd2+ 7.Nbxd2 Qf6
8.O-O Ne7 9.Nb3 Nbc6 10.Nfxd4 O-O 11.Qf3 Qxf3 12.Nxf3 Bg4 13.Nfd4 Nxd4 14.Nxd4 Rad8
15.Nb3 b6 16.f3 Be6 17.Bxe6 fxe6 18.Rfd1 c5 19.Kf2 Ng6 20.Ke3 a5 21.Rac1 Ne5
22.Rxd8 Rxd8 23.f4 Ng4+ 24.Kf3 Nf6 25.Rc2 Rd1 26.Nd2 a4 27.h3 Kf8 28.a3 Ke7
29.Ke2 Rg1 30.Kf2 Ra1 31.Rc4  1/2-1/2

[Event "Las Palmas3"]
[Site "Las Palmas"]
[Date "1993.??.??"]
[Round "9"]
[White "Van Wely, Loek"]
[Black "Magem Badals, Jorge"]
[Result "0-1"]
[WhiteElo "2585"]
[BlackElo "2505"]

1.d4 d5 2.c4 dxc4 3.e4 Nc6 4.Nf3 Bg4 5.Be3 e6 6.Bxc4 Bxf3 7.gxf3 Qf6 8.Bb5 Ne7
9.Nd2 O-O-O 10.Nb3 Nxd4 11.Nxd4 e5 12.Qa4 exd4 13.O-O-O a6 14.Kb1 dxe3 15.Rxd8+ Kxd8
16.Rd1+ Kc8 17.Bxa6 bxa6 18.Qd7+ Kb7 19.Rd3 Nc8  0-1

[Event "Lisboa zt"]
[Site "Lisboa"]
[Date "1993.??.??"]
[Round "4"]
[White "Gomez Esteban, Juan Mario"]
[Black "Fernandes, Antonio"]
[Result "1-0"]
[WhiteElo "2410"]
[BlackElo "2455"]

1.d4 d5 2.c4 dxc4 3.e4 e5 4.Nf3 Bb4+ 5.Nc3 exd4 6.Nxd4 Qe7 7.Bxc4 Nf6 8.O-O Bxc3
9.bxc3 O-O 10.Re1 c5 11.e5 cxd4 12.exf6 Qc5 13.Qb3 Rd8 14.Bxf7+ Kh8 15.cxd4 Qb6
16.Bg5 Qxb3 17.Bxb3 Rf8 18.Re7  1-0

[Event "Loosdorf op"]
[Site "Loosdorf"]
[Date "1993.??.??"]
[Round "3"]
[White "Lehner, Oliver"]
[Black "Csoke, Adrienn"]
[Result "1/2-1/2"]
[WhiteElo "2300"]
[BlackElo "2235"]

1.d4 d5 2.c4 dxc4 3.e4 c5 4.d5 e6 5.Bxc4 exd5 6.Bxd5 Bd6 7.Nc3 Ne7 8.Bg5 h6
9.Bh4 Qb6 10.Nge2 O-O 11.O-O Nd7 12.Qd2 Ng6 13.Bg3 Bxg3 14.Nxg3 Nf6 15.Rad1 a6
16.Kh1 Qc7 17.f4 Bg4 18.Rde1 Rad8 19.Qc1 Ne7 20.Bb3 Be6 21.e5 Nd7 22.Bc2 Bc4
23.Rf2 f5 24.Qe3 Nb6 25.Qf3 Be6 26.h3 Rd4 27.Nf1 Qc6 28.Qxc6 Nxc6 29.Ne3 Nb4
30.Bb1 Nd3 31.Bxd3 Rxd3 32.Kh2 h5 33.Ree2 h4 34.Nf1 Rfd8 35.g3 hxg3+ 36.Nxg3 g6
37.Rc2 R3d4 38.Nge2 Rd2 39.Ng1 Rxf2+ 40.Rxf2 Rd4 41.h4 Nc4 42.Rg2 Rxf4 43.Rxg6+ Kf7
44.Rh6 Nxe5 45.Nh3 Ng4+ 46.Kg3 Nxh6 47.Kxf4 Kf6 48.Ng5 b5 49.a3 Bc4 50.b4 cxb4
51.axb4 Ng8 52.Nf3 Ne7 53.Ne5 Ng6+  1/2-1/2

[Event "Lublin"]
[Site "Lublin"]
[Date "1993.??.??"]
[Round "?"]
[White "Solozhenkin, Evgeniy"]
[Black "Mikhalchishin, Adrian"]
[Result "1/2-1/2"]
[WhiteElo "2480"]
[BlackElo "2520"]

1.d4 d5 2.c4 dxc4 3.e4 Nf6 4.e5 Nd5 5.Bxc4 Nc6 6.Ne2 Be6 7.O-O g6 8.Nd2 Bg7
9.h3 O-O 10.a3 Kh8 11.Ba2 f6 12.Ne4 fxe5 13.dxe5 Nxe5 14.Nc5 Bg8 15.Nxb7 Qd7
16.Qc2 Qb5 17.Nc5 Rad8 18.Ng3 Nc6 19.Ne2 Ndb4 20.axb4 Nxb4 21.Qa4 Qxa4 22.Nxa4 Nxa2
23.Bg5 Rf5 24.Be3 a5 25.Nac3 Nxc3 26.Nxc3 Rb8 27.g4 Rff8 28.Rxa5 Rxb2 29.Nd5 Bxd5
30.Rxd5  1/2-1/2

[Event "Amber-rapid 2nd"]
[Site "Monte Carlo"]
[Date "1993.??.??"]
[Round "1"]
[White "Karpov, Anatoly"]
[Black "Polgar, Zsuzsa"]
[Result "1/2-1/2"]
[WhiteElo "2725"]
[BlackElo "2560"]

1.d4 d5 2.c4 dxc4 3.e4 e5 4.Nf3 Bb4+ 5.Nc3 exd4 6.Qxd4 Qxd4 7.Nxd4 Nf6 8.f3 a6
9.Bxc4 b5 10.Be2 c5 11.Nb3 Be6 12.Be3 Nbd7 13.Kf2 Rc8 14.Rhd1 Nb6 15.Rac1 Ke7
16.g4 h6 17.h4 Nc4 18.Bxc4 Bxc4 19.e5 Nd7 20.Nd5+ Bxd5 21.Rxd5 c4 22.Nd4 g6
23.a3 Ba5 24.Rd1 Nc5 25.Rxc5 Rxc5 26.Nf5+ gxf5 27.Bxc5+ Ke6 28.Rd6+ Kxe5
29.Rxa6 Bd8 30.h5 fxg4 31.Be3 Kf5 32.Rc6 gxf3 33.Kxf3 Re8 34.Bd4 Re1 35.Rc5+ Ke6
36.Rxb5 f5 37.Bc3 Re4 38.Rc5 Bg5 39.a4 Rf4+ 40.Ke2 Re4+ 41.Kd1 f4 42.Rc8 f3
43.Rf8 Bf4 44.Be1 c3 45.bxc3 Rxa4 46.Kc2 f2 47.Bxf2 Ra2+ 48.Kd3 Rxf2 49.Ke4  1/2-1/2

[Event "Munich"]
[Site "Munich"]
[Date "1993.??.??"]
[Round "11"]
[White "Gurevich, Mikhail"]
[Black "Huebner, Robert"]
[Result "1-0"]
[WhiteElo "2610"]
[BlackElo "2620"]

1.d4 d5 2.c4 dxc4 3.e4 Nf6 4.e5 Nd5 5.Bxc4 Nb6 6.Bd3 Nc6 7.Be3 Be6 8.Nc3 Nb4
9.Be4 N4d5 10.Nf3 Qd7 11.Ng5 g6 12.Nxe6 Qxe6 13.O-O f5 14.Bf3 Nxe3 15.fxe3 Bh6
16.Qe2 c6 17.b3 Qd7 18.Na4 Nxa4 19.bxa4 e6 20.Rfd1 O-O 21.Rac1 Rf7 22.Rc3 Rd8
23.e4 fxe4 24.Bxe4 Bf8 25.h4 Bb4 26.Rcd3 Rdf8 27.h5 g5 28.h6 Ba5 29.Qg4 Qe7
30.g3 Bd8 31.Rf3 Rxf3 32.Bxf3 Qf7 33.Kg2 Qf5 34.Qxf5 exf5 35.Bh5 Be7 36.d5 cxd5
37.Rc1 Rd8 38.Rc7 Kf8 39.Kf3 d4 40.Ke2 d3+ 41.Kd1 a5 42.Rxb7 g4 43.e6 Rd6
44.Rb5 Bf6 45.Rxf5 Rxe6 46.Rxa5 Bd8 47.Rf5+ Bf6 48.Kd2 Ke7 49.Kxd3 Rd6+ 50.Kc4 Rd2
51.Ra5 Rg2 52.Ra7+ Kd6 53.Ra6+ Ke7 54.Bxg4 Rxg3 55.Re6+ Kf7 56.Re4 Kg6 57.Kb4 Bc3+
58.Kb5 Rg2 59.Be6 Kxh6 60.Kb6 Rd2 61.a5 Bd4+ 62.Kb7 Bf2 63.a6 Rd6 64.Bc4 Rd7+
65.Kc6 Rg7 66.Rf4 Bg1 67.Rf6+ Kg5 68.Rf7 Rg6+ 69.Kb7 Rb6+ 70.Kc7 Rb4 71.Rg7+ Kf4
72.Rxg1 Rxc4+ 73.Kb6 Re4 74.Rc1 Ra4 75.Rh1 Rxa2 76.Rxh7 Ke5  1-0

[Event "Nis op"]
[Site "Nis"]
[Date "1993.??.??"]
[Round "?"]
[White "Bakic, Rados"]
[Black "Micic, Cedomir"]
[Result "1-0"]
[WhiteElo "2400"]
[BlackElo "2315"]

1.d4 d5 2.c4 dxc4 3.e4 Nc6 4.Nf3 Bg4 5.Bxc4 e6 6.d5 Bxf3 7.Qxf3 Nd4 8.Qd3 e5
9.f4 Qh4+ 10.g3 Qh5 11.O-O Bc5 12.Kg2 Nf6 13.Be3 O-O-O 14.h3 Rhe8 15.Nc3 Ne6
16.fxe5 Qxe5 17.Rf5 Qd6 18.e5 Qb6 19.Na4 Qb4 20.Nxc5 Nxc5 21.Bxc5 Qxb2+ 22.Rf2 Qxa1
23.exf6 Re1 24.Re2 Rxe2+ 25.Qxe2 Qxf6 26.Be7 Qd4 27.Bxd8 Kxd8 28.Bb3 a5 29.Qd1 Qe5
30.Qd2 g5 31.Bd1 b6 32.g4 a4 33.Kf3 a3 34.Kg2 Kd7 35.Bf3 Qe4 36.Kf2 h6 37.Qc3 Qf4
38.Ke2 Qh2+ 39.Kd1 Qg1+ 40.Ke2 Qh2+ 41.Ke1 Qf4 42.Bd1 Qe4+ 43.Kd2 Qf4+ 44.Kc2 Qa4+
45.Qb3 Qe4+ 46.Qd3 Qb4 47.Qb3 Qe4+ 48.Kd2 Qf4+ 49.Kd3 Qf6 50.Kc2 Qf2+ 51.Kc3 Qe1+
52.Kc4 Qe4+ 53.Kb5 Qd4 54.Ka6 Qd2 55.Kb7 Kd8 56.Bf3 Qc1 57.Qb4 Ke8 58.Be2 f6
59.Bb5+ Kd8 60.Qe4  1-0

[Event "Oviedo rapid"]
[Site "Oviedo"]
[Date "1993.??.??"]
[Round "11"]
[White "Cifuentes Parada, Roberto"]
[Black "Bronstein, David I"]
[Result "1-0"]
[WhiteElo "2495"]
[BlackElo "2395"]

1.d4 d5 2.c4 dxc4 3.e4 e5 4.Nf3 exd4 5.Qxd4 Qxd4 6.Nxd4 Nf6 7.Nc3 Bc5 8.Be3 Ng4
9.Bxc4 Nxe3 10.fxe3 Nd7 11.Nd5 Kd8 12.b4 Bf8 13.b5 Ne5 14.Bb3 c6 15.Nf4 Bb4+
16.Kf2 Ke7 17.bxc6 bxc6 18.Rac1 Bd7 19.Rhd1 Rhd8 20.h3 g6 21.Nf3 f6 22.Ba4 Bd6
23.Nxe5 Bxe5 24.Nd3 Rab8 25.Bxc6 Be6 26.Nxe5 Rxd1 27.Nxg6+ hxg6 28.Rxd1 Rb2+
29.Kf3 Rxa2 30.Bd5 Ra6 31.h4 f5 32.Bxe6 fxe4+ 33.Kxe4 Kxe6 34.g4 Ra4+ 35.Rd4 Ra2
36.Kf4 Kf6 37.Rd6+ Kg7 38.e4 Ra5 39.Rd5 Ra1 40.Kg5 Rf1 41.e5 Kf7 42.Rd7+ Ke6
43.Rxa7 Rg1 44.Ra6+ Kxe5 45.Rxg6  1-0

[Event "Pamplona9394"]
[Site "Pamplona"]
[Date "1993.??.??"]
[Round "3"]
[White "Gomez Esteban, Juan Mario"]
[Black "Greenfeld, Alon"]
[Result "1-0"]
[WhiteElo "2450"]
[BlackElo "2590"]

1.d4 d5 2.c4 dxc4 3.e4 Nf6 4.e5 Nd5 5.Bxc4 Nb6 6.Bd3 Nc6 7.Be3 Be6 8.Nc3 Qd7
9.Nge2 Bc4 10.Bxc4 Nxc4 11.Qb3 Nb6 12.e6 fxe6 13.O-O O-O-O 14.Rac1 g6 15.Nf4 Bh6
16.Nb5 Kb8 17.Nxe6 Bxe3 18.fxe3 Na5 19.Qc3 Nac4 20.Nxd8 Rxd8 21.b3  1-0

[Event "Pardubice op"]
[Site "Pardubice"]
[Date "1993.??.??"]
[Round "8"]
[White "Vokac, Marek"]
[Black "Vaulin, Alexander"]
[Result "1/2-1/2"]
[WhiteElo "2465"]
[BlackElo "2500"]

1.d4 d5 2.c4 dxc4 3.e4 c5 4.d5 Nf6 5.Nc3 e6 6.Nf3 exd5 7.e5 Nfd7 8.Bg5 Be7
9.Bxe7 Qxe7 10.Nxd5 Qd8 11.Bxc4 Nc6 12.O-O O-O 13.Re1 Nb6 14.Nxb6 axb6 15.Qc2 Bg4
16.Qe4 Bxf3 17.Qxf3 Qd4 18.Qc3 Rad8 19.Re3 Qh4 20.Rae1 Nd4 21.Bd3 Qe7 22.Rh3 h6
23.f4 Qd7 24.Bb1 Qb5 25.Rhe3 Rfe8 26.f5 c4 27.f6 g6 28.Re4 Qc5 29.Kh1 Rd5
30.Qe3 Nf5 31.Qf4 Kh7 32.g4 Nd4 33.g5 h5 34.R4e3 Ne6 35.Qf3 Kh8 36.Bxg6 fxg6
37.f7 Rf8 38.Qf6+ Ng7 39.Qxg6 Qc6 40.Qxc6 bxc6 41.e6 Rxg5 42.Rf1 Rf5 43.Rxf5 Nxf5
44.e7 Nxe7 45.Rxe7  1/2-1/2

[Event "Paris-ch"]
[Site "Paris"]
[Date "1993.??.??"]
[Round "6"]
[White "Sherbakov, Ruslan"]
[Black "Afek, Yochanan"]
[Result "1-0"]
[WhiteElo "2570"]
[BlackElo "2370"]

1.d4 d5 2.c4 dxc4 3.e4 c5 4.d5 e6 5.Bxc4 Nf6 6.Nc3 exd5 7.exd5 a6 8.Bf4 Bd6
9.Qe2+ Kf8 10.Qd2 Bf5 11.Nge2 b5 12.Bd3 Bxd3 13.Qxd3 Bxf4 14.Nxf4 Qd6 15.Qf3 Nbd7
16.O-O Ne5 17.Qg3 Rd8 18.Rad1 Ng6 19.Nce2 Nxf4 20.Nxf4 g6 21.Rfe1 Kg7 22.h4 Rhe8
23.Rxe8 Nxe8 24.Re1 Nf6 25.h5 Nxd5 26.Rd1 Qe5 27.h6+ Kxh6 28.Qh4+ Kg7 29.Qxd8 Nxf4
30.Qd2 Ne2+ 31.Kf1 Nd4 32.b4 Ne6 33.bxc5 Qxc5 34.Rc1 Qf5 35.Qc3+ f6 36.Qe3 g5
37.Re1 Nf4 38.Qe4 Qg4 39.g3 Qh3+ 40.Kg1 Qg4 41.Kf1 Qh3+ 42.Kg1 Qg4 43.Qe7+ Kg6
44.Qe8+ Kh6 45.Qf8+ Kg6 46.Qg8+ Kh6 47.Qf8+ Kg6 48.Qg8+ Kh6 49.Qf7 Nh5 50.Qf8+ Kg6
51.Qg8+ Kh6 52.Qf8+ Kg6 53.Qe8+ Kh6 54.Qe6 Qf3 55.Qe4 Qc3 56.Kg2 Qc8 57.Rh1 f5
58.Qe2 g4 59.Re1 Nf6 60.Qe6 Qb7+ 61.Kg1 Kg6 62.Rd1 a5 63.Rd6 Qf7 64.Qe5 h5
65.Ra6 a4 66.a3 Qf8 67.Rb6 Qd8 68.Rxb5 Qd1+ 69.Kh2 Qf3 70.Qe3 Qxe3 71.fxe3 Ne4
72.Rb4 Nc3 73.Rc4 Nd1 74.Rxa4 Nxe3 75.Rb4 Kg5 76.a4 h4 77.gxh4+ Kxh4 78.a5 Nd5
79.Rd4 Nc7 80.Rc4  1-0

[Event "Paris-ch"]
[Site "Paris"]
[Date "1993.??.??"]
[Round "7"]
[White "Shevelev, Sergei"]
[Black "Rublevsky, Sergei"]
[Result "0-1"]
[WhiteElo "2395"]
[BlackElo "2515"]

1.d4 d5 2.c4 dxc4 3.e4 e5 4.dxe5 Qxd1+ 5.Kxd1 Nc6 6.Bxc4 Nxe5 7.Be2 Bc5 8.Bf4 f6
9.Bg3 Be6 10.Nf3 O-O-O+ 11.Kc2 Nxf3 12.Bxf3 Ne7 13.a3 Nc6 14.Nd2 Nd4+ 15.Kc1 Rd7
16.Bd1 Rhd8 17.Re1 g5 18.h3 h6 19.Rb1 a5 20.Re3 Nc6 21.Re2 Ba2 22.b4 Bxb1
23.bxc5 Bxe4 24.Rxe4 Rxd2 25.Bg4+ Kb8 26.Re6 f5 27.Bxf5 Rd1+ 28.Kb2 Nd4 29.Rf6 Nxf5
30.Rxf5 R1d5 31.Rf6 h5 32.c6 Rb5+ 33.Ka2 Rd1 34.Rf7 Rd2+ 35.Ka1 Rd1+ 36.Ka2 Rd2+
37.Ka1  0-1

[Event "RUS-chT"]
[Site "Podolsk"]
[Date "1993.??.??"]
[Round "?"]
[White "Notkin, Maksim"]
[Black "Terentiev, Vitaly G"]
[Result "1/2-1/2"]
[WhiteElo "2360"]
[BlackElo "2400"]

1.d4 d5 2.c4 dxc4 3.e4 e5 4.Nf3 exd4 5.Bxc4 Bb4+ 6.Bd2 Bxd2+ 7.Nbxd2 Nf6
8.e5 Nd5 9.Qb3 c6 10.O-O O-O 11.Ne4 Qb6 12.Bxd5 cxd5 13.Qxd5 Nc6 14.Nd6 Be6
15.Qe4 h6 16.Rfd1 Qxb2 17.Nxd4 Nxd4 18.Qxd4 Qxd4 19.Rxd4 f6 20.f4 fxe5 21.fxe5 Rfd8
22.a4 Rac8 23.Rad1 Rc5 24.Nxb7 Rxd4 25.Rxd4 Rxe5 26.Rd8+  1/2-1/2

[Event "Porz op29"]
[Site "Porz"]
[Date "1993.??.??"]
[Round "4"]
[White "Novak, Petr"]
[Black "Schmitz, Manuela"]
[Result "0-1"]
[WhiteElo "2125"]
[BlackElo "1900"]

1.d4 d5 2.c4 dxc4 3.e4 e5 4.Nf3 exd4 5.Nxd4 Bc5 6.Be3 Nf6 7.Nc3 Ng4 8.Bxc4 Nxe3
9.fxe3 Qh4+ 10.g3 Qg5 11.Qf3 O-O 12.O-O Qg6 13.Nd5 Nd7 14.Nf5 Kh8 15.Bb3 Ne5
16.Qe2 Bxf5 17.Rxf5 Qg4 18.Qc2 Bd6 19.Raf1 f6 20.R1f4 Qg6 21.Rh4 Nc6 22.Qf2 h6
23.Bc2 Be5 24.b4 a6 25.a4 b5 26.a5 Rad8 27.Rfh5 Rd7 28.Rf5 Rfd8 29.Bd1 Ne7
30.Bh5 Qh7 31.Nxe7 Rxe7 32.Rg4 Red7 33.Qf3 Qg8 34.Rg6 Qa2 35.Qf1 Kh7 36.Rxe5 fxe5
37.Rxa6 Qb3 38.Kg2 Qc2+ 39.Kh3 Qb3 40.Qf5+ Kg8 41.Bg4 Qxb4 42.Qxe5 Rd6 43.Ra7 Qc4
44.a6 Qf1+ 45.Kh4 g5+  0-1

[Event "Porz op29"]
[Site "Porz"]
[Date "1993.??.??"]
[Round "9"]
[White "Henk, Martin"]
[Black "Schmitz, Andreas"]
[Result "1/2-1/2"]
[WhiteElo "2000"]
[BlackElo "2270"]

1.d4 d5 2.c4 dxc4 3.e4 e5 4.Nf3 exd4 5.Bxc4 Bb4+ 6.Bd2 Bxd2+ 7.Nbxd2 Nh6
8.O-O O-O 9.Rc1 Nc6 10.Bd5 Ne7 11.Nb3 Nxd5 12.exd5 Qxd5 13.Rxc7 d3 14.Nfd4 Qd6
15.Rc3 Ng4 16.Nf3 Bf5 17.h3 Ne5 18.Nxe5 Qxe5 19.Rc5 Qe6 20.Re1 Qg6 21.Qf3 Be6
22.Rd1 Rad8 23.Rc3 Bd5 24.Qg3 Qxg3 25.fxg3 Be4 26.Nc5 Bc6 27.Rcxd3 Rxd3 28.Rxd3 h6
29.Nb3 b6 30.Nd2 Re8 31.Kf2 Re5 32.Nf3 Rc5 33.Rd2 f6 34.Rd8+ Kh7 35.Nd4 Be4
36.Rd7 Rd5 37.Rxd5 Bxd5 38.a3 Kg6 39.Nf3 Kf5 40.Ke3 Ke6 41.Kd4 f5 42.h4 Bb7
43.Ke3 Kf6 44.Kf4 Bc8 45.h5 a5 46.Ne5 a4 47.Nc4 b5 48.Ne3 Be6 49.g4 fxg4
50.Nxg4+ Kf7 51.Ne3 g6 52.hxg6+ Kf6 53.g7 Kxg7 54.Ke5 Bd7 55.Kd6 Be8 56.Ke5 Kg6
57.g3 Kg5 58.Nd5 Bf7 59.Ne3 h5 60.Ke4 Be6 61.Ke5 Bg4 62.Nd5 Be2 63.Ne3 Bf3
64.Ke6 Bg4+ 65.Ke5 Bc8 66.Ke4 Kf6  1/2-1/2

[Event "Protvino zt"]
[Site "Protvino"]
[Date "1993.??.??"]
[Round "?"]
[White "Nalbandian, Tigran"]
[Black "Lputian, Smbat G"]
[Result "1/2-1/2"]
[WhiteElo "2405"]
[BlackElo "2610"]

1.d4 d5 2.c4 dxc4 3.e4 c5 4.Nf3 cxd4 5.Qxd4 Qxd4 6.Nxd4 Bd7 7.Bxc4 Nc6 8.Nxc6 Bxc6
9.Nc3 e6 10.Bb5 Rc8 11.Bxc6+ Rxc6 12.Be3 a6 13.a3 Nf6 14.Ke2 Bd6 15.f4 e5
16.f5 Ng4 17.Bd2 Bc5 18.h3 Nf6 19.g4 Bd4 20.g5 Nd7 21.Nd5 Nc5 22.Kf3 Nb3
23.Rad1 Bxb2 24.f6 Nd4+ 25.Kg4 h5+ 26.gxh6 gxf6 27.Rb1 Rc2 28.Rhd1 b5 29.Kh5 Bxa3
30.Ra1 b4 31.Nxf6+ Kf8 32.Rxa3 Rxd2 33.Rxa6 Rxh6+ 34.Kxh6 Rxd1 35.Nd5 Ke8
36.Nxb4 Rh1 37.Ra3 Re1 38.Nd5 Kd7 39.Kg7 f5 40.exf5  1/2-1/2

[Event "CRO-Cup"]
[Site "Pula"]
[Date "1993.??.??"]
[Round "6"]
[White "Begovac, Franja"]
[Black "Hresc, Vladimir"]
[Result "1-0"]
[WhiteElo "2405"]
[BlackElo "2385"]

1.d4 d5 2.c4 dxc4 3.e4 Nc6 4.Be3 Nf6 5.Nc3 e5 6.d5 Ne7 7.Bxc4 Ng6 8.Bb5+ Bd7
9.Qb3 Bd6 10.Bxd7+ Qxd7 11.f3 O-O 12.Nge2 Nh5 13.O-O-O Rfb8 14.Nb5 a6 15.Nxd6 Qxd6
16.Kb1 Nf6 17.Rd2 Nd7 18.Rc1 Ne7 19.Nc3 b5 20.Nd1 Nb6 21.Bc5 Qd7 22.Ne3 Nbc8
23.Bxe7 Qxe7 24.Qc3 Ra7 25.Nf5 Qe8 26.f4 Nd6 27.Qxe5 f6 28.Qe6+ Kh8 29.Nxd6 cxd6
30.Rdc2 Re7 31.Qxd6 Rxe4 32.Qxb8 Qxb8 33.Rc8+ Re8 34.Rxb8 Rxb8 35.Rc6 Kg8
36.Rxa6 Kf7 37.Kc2 Rd8 38.d6 Ke6 39.Rb6 Ra8 40.a3 Ra4 41.g3 Rc4+ 42.Kd3 Rc5
43.Rb7 Kxd6 44.Rxg7 h5 45.Rh7 Ke6 46.b3 Kd6 47.Kd4 Rd5+ 48.Kc3 Ke6 49.Kb4 Kd6
50.a4 bxa4 51.bxa4 Kc6 52.a5 Rb5+ 53.Ka4 Rf5 54.a6 Kb6 55.a7 Ra5+ 56.Kb4 Ra2
57.Kb3 Ra1 58.Kc4 Kc6 59.Rf7  1-0

[Event "Rostov op"]
[Site "Rostov"]
[Date "1993.??.??"]
[Round "?"]
[White "Sherbakov, Ruslan"]
[Black "Matveeva, Svetlana"]
[Result "0-1"]
[WhiteElo "2570"]
[BlackElo "2395"]

1.d4 d5 2.c4 dxc4 3.e4 Nf6 4.e5 Nd5 5.Bxc4 Nb6 6.Bb3 Nc6 7.Ne2 Bf5 8.O-O e6
9.Nbc3 Be7 10.a3 Qd7 11.Be3 Rd8 12.Qc1 Bd3 13.Ba2 a5 14.Rd1 Bc4 15.Bxc4 Nxc4
16.Bg5 O-O 17.Ne4 Bxg5 18.Nxg5 h6 19.Ne4 Nb6 20.Nc5 Qc8 21.Rd3 f5 22.exf6 Rxf6
23.Ne4 Rf7 24.Qd2 Nc4 25.Qc3 Nd6 26.Nd2 Nb5 27.Qc4 Rd5 28.Nf3 Qd8 29.Rad1 Qf6
30.Nc3 Nxc3 31.bxc3 g5 32.Qa2 g4 33.Ne1 Rf5 34.R1d2 Ne7 35.g3 c5 36.Ng2 c4
37.Qxc4 Rxf2 38.Nf4 Rxf4 39.gxf4 Qxf4 40.Rd1 Qf2+ 41.Kh1 Qe2 42.Kg1 Nd5 43.Qa4 Nf4
44.Rg3 Nh3+ 45.Rxh3 gxh3 46.Qe8+ Kg7  0-1

[Event "San Martin"]
[Site "San Martin"]
[Date "1993.??.??"]
[Round "5"]
[White "Sorokin, Maxim"]
[Black "Scarella, Enrique"]
[Result "1-0"]
[WhiteElo "2515"]
[BlackElo "2410"]

1.d4 d5 2.c4 dxc4 3.e4 Nc6 4.d5 Ne5 5.Qd4 Ng6 6.Nf3 e5 7.Qxc4 a6 8.g3 Bd6
9.Bg2 Nf6 10.O-O O-O 11.Rd1 Bd7 12.Be3 Qe7 13.h3 h6 14.Qd3 c5 15.a4 b5 16.b3 Rfc8
17.Nc3 Qe8 18.axb5 axb5 19.Bf1 Rab8 20.Ra6 c4 21.bxc4 bxc4 22.Qc2 Bb4 23.Nd2 Bxc3
24.Qxc3 Bb5 25.Rb6 Rxb6 26.Bxb6 Nf8 27.Qa5 Ra8 28.Qb4 Ra4 29.Qb2 Ba6 30.f3 N8d7
31.Bf2 Qc8 32.Rc1 Ne8 33.Qc2 Ra3 34.Bxc4 Nd6 35.Bb3 Qb8 36.Qc7 Qb4 37.Qc3 Qxc3
38.Rxc3 Nb5 39.Rc6 Bb7 40.Rc1 Ba6 41.f4 f6 42.Rc6 Kf7 43.Bc4 exf4 44.gxf4 Nb8
45.Rxa6 Nxa6 46.Bxb5 Nb4 47.d6 Ra1+ 48.Kg2 Rd1 49.Be3 Nc2 50.Kf2 Nxe3 51.Kxe3 Ke6
52.Nc4 g5 53.f5+ Kf7 54.e5 fxe5 55.Nxe5+ Kf6 56.Bd3  1-0

[Event "San Sebastian op"]
[Site "San Sebastian"]
[Date "1993.??.??"]
[Round "?"]
[White "Gomez Esteban, Juan Mario"]
[Black "Magem Badals, Jorge"]
[Result "0-1"]
[WhiteElo "2410"]
[BlackElo "2510"]

1.d4 d5 2.c4 dxc4 3.e4 Nc6 4.Nf3 Bg4 5.Be3 Bxf3 6.gxf3 e6 7.Bxc4 Qf6 8.Nc3 O-O-O
9.d5 Bb4 10.O-O Bxc3 11.bxc3 Nge7 12.Rb1 exd5 13.Be2 dxe4 14.Qb3 b6 15.f4 Nd5
16.Rfd1 Nxc3 17.Ba6+ Kb8 18.Rxd8+ Rxd8 19.Rc1 Nd5  0-1

[Event "St Petersburg op"]
[Site "St Petersburg"]
[Date "1993.??.??"]
[Round "?"]
[White "Lempert, Igor"]
[Black "Bukhman, Eduard"]
[Result "1-0"]
[WhiteElo "2455"]
[BlackElo "2390"]

1.d4 d5 2.c4 dxc4 3.e4 c5 4.d5 Nf6 5.Nc3 b5 6.Bf4 Qa5 7.Bd2 b4 8.e5 bxc3
9.Bxc3 Qa6 10.exf6 exf6 11.b3 Be7 12.Bxc4 Qd6 13.Ne2 O-O 14.O-O f5 15.Qd3 g6
16.Bd2 Bf6 17.Bf4 Be5 18.Bxe5 Qxe5 19.Nc3 Rd8 20.Rfe1 Qf6 21.Qe3 Nd7 22.Na4 Bb7
23.Qe7 Rac8 24.Rad1 Ba8 25.f3 Kg7 26.d6 Bc6 27.Qxf6+ Kxf6 28.Re7 Bxa4 29.f4 Rf8
30.bxa4 Nb6 31.Bb5 a6 32.Bxa6 Ra8 33.Bb5 Nxa4 34.Bc6 Nc3 35.Rde1 Ra6 36.Rc7 Ne4
37.d7 Rd8 38.Rb1 Ke7 39.a4 Nd6 40.Re1+ Ne4 41.Rb1 Kd6 42.Rc8 Nc3 43.Rxd8 Kxc6
44.Rb7 Kxb7 45.Rb8+ Kxb8 46.d8=Q+ Kb7 47.Qe7+  1-0

[Event "St Petersburg op"]
[Site "St Petersburg"]
[Date "1993.??.??"]
[Round "?"]
[White "Notkin, Maksim"]
[Black "Yagupov, Igor"]
[Result "1-0"]
[WhiteElo "2535"]
[BlackElo "2425"]

1.d4 d5 2.c4 dxc4 3.e4 Nc6 4.Be3 Nf6 5.Nc3 e5 6.d5 Ne7 7.Bxc4 Ng6 8.h4 h5
9.f3 a6 10.Qd2 Bd6 11.Nge2 Qe7 12.Nc1 b5 13.Bb3 Nd7 14.Nd3 Nc5 15.Nxc5 Bxc5
16.O-O-O Bd7 17.d6 Bxd6 18.Nd5 Qd8 19.g4 a5 20.gxh5 Rxh5 21.Rdg1 Be6 22.Qe2 Rxh4
23.Rxh4 Qxh4 24.Nxc7+ Bxc7 25.Bxe6 fxe6 26.Rxg6 Kf7 27.Rg4 Qe7 28.Qxb5 Bd6
29.Qe2 a4 30.Qg2 Kf8 31.Bh6 Rc8+ 32.Kb1 Ke8 33.Rxg7 Qh4 34.Qg6+  1-0

[Event "St Petersburg op"]
[Site "St Petersburg"]
[Date "1993.??.??"]
[Round "?"]
[White "Polovodin, Igor A"]
[Black "Yakovich, Yuri"]
[Result "1/2-1/2"]
[WhiteElo "2415"]
[BlackElo "2525"]

1.d4 d5 2.c4 dxc4 3.e4 Nf6 4.e5 Nd5 5.Bxc4 Nb6 6.Bb3 Nc6 7.Ne2 Bf5 8.O-O e6
9.Nbc3 Be7 10.Be3 Qd7 11.Bc2 Nb4 12.Bxf5 exf5 13.Qb3 Qe6 14.Qxe6 fxe6 15.Rac1 Kf7
16.a3 N4d5 17.Nxd5 Nxd5 18.Bd2 Rhd8 19.Rc2 Rd7 20.Rfc1 c6 21.f3 Bd8 22.a4 a5
23.Kf2 g5 24.g3 h6 25.b3 Ne7 26.h4 gxh4 27.Rh1 Ng6 28.Bxh6 Bb6 29.Be3 hxg3+
30.Kxg3 Rg8 31.Kf2 Ke8 32.f4 Rdg7 33.Rcc1 Ne7 34.Rcg1 Nd5 35.Rxg7 Rxg7 36.Rh6 Kd7
37.Bd2 Bd8 38.Kf3 b5 39.Rh8 Bb6 40.Be1 Kc7 41.Rh6 Kd7 42.Rh8 Bd8  1/2-1/2

[Event "St Petersburg zt"]
[Site "St Petersburg"]
[Date "1993.??.??"]
[Round "2"]
[White "Ruban, Vadim"]
[Black "Yakovich, Yuri"]
[Result "1/2-1/2"]
[WhiteElo "2595"]
[BlackElo "2510"]

1.d4 d5 2.c4 dxc4 3.e4 Nf6 4.e5 Nd5 5.Bxc4 Nb6 6.Bb3 Nc6 7.Ne2 Bf5 8.Nbc3 e6
9.a3 Be7 10.O-O O-O 11.Ba2 Qd7 12.Be3 Rfd8 13.Qc1 Bf8 14.Rd1 Ne7 15.Ng3 Bg6
16.Nce4 Nbd5 17.Nc5 Qc8 18.Bb1 Nf5 19.Bg5 Re8 20.Qc4 Nxg3 21.hxg3 Bxc5 22.dxc5 h6
23.Bf4 Bxb1 24.Raxb1 Rd8 25.Rd4 Ne7 26.Rbd1 Rxd4 27.Qxd4 Qe8 28.g4 Nc6 29.Qd7 Qxd7
30.Rxd7 Rc8 31.Kf1 Kf8 32.Ke2 Ke8 33.Rd1 Rd8 34.Rxd8+ Kxd8 35.Kd3  1/2-1/2